|
|
|
|
| LEADER |
03443nam a2200445 a 4500 |
| 001 |
29684 |
| 003 |
BD-DhAAL |
| 005 |
20260329204259.0 |
| 008 |
150816r20081986enkb b 001 0 eng |
| 010 |
|
|
|a 85014989
|
| 020 |
|
|
|a 9780521059428 (paperback)
|
| 020 |
|
|
|a 0521304482
|
| 020 |
|
|
|a 9780521304481 (hardback)
|
| 020 |
|
|
|a 97805210053624 (paperback)
|
| 040 |
|
|
|a DLC
|c DLC
|d DLC
|d BD-DhAAL
|
| 041 |
|
|
|a eng
|
| 050 |
0 |
0 |
|a HD875
|b .B67 1986
|
| 082 |
0 |
0 |
|a 305.563
|2 19
|
| 100 |
1 |
|
|a Bose, Sugata,
|d 1956-
|9 11443
|
| 245 |
1 |
0 |
|a Agrarian Bengal :
|b economy, social structure, and politics, 1919-1947 /
|c Sugata Bose.
|
| 260 |
|
|
|a Cambridge [Cambridgeshire] ;
|a New York :
|b Cambridge University Press,
|c 1986.
|g (2008)
|
| 300 |
|
|
|a xii, 306 pages :
|b maps ;
|c 23 cm.
|
| 490 |
|
0 |
|a Cambridge South Asian studies ;
|v 36
|
| 500 |
|
|
|a Originally presented as the author's thesis (doctoral)--University of Cambridge, 1982.
|
| 500 |
|
|
|a Includes index.
|
| 504 |
|
|
|a Bibliography: p. 285-292.
|
| 526 |
|
|
|a RS (GenEd)
|x Tahseen H. Ali, PhD
Assistant Professor and Assistant Dean, RS
School of General Education
Course Name : Emergence of Bangladesh ''(EMB 101)''
|
| 541 |
|
|
|a Book Finder International
|e 29684, 45447, 45448, 45449, 45450, 45451
|
| 650 |
|
0 |
|a Peasants
|z India
|z Bengal
|x History.
|9 13798
|
| 650 |
|
0 |
|a Peasants
|x Political activity
|z India
|z Bengal
|x History.
|9 13799
|
| 651 |
|
0 |
|a Bengal (India)
|x Social conditions.
|9 13800
|
| 852 |
|
|
|a Ayesha Abed Library
|c Genera Stacks
|
| 942 |
|
|
|2 ddc
|c BK
|0 1
|
| 999 |
|
|
|c 35238
|d 35238
|
| 952 |
|
|
|0 0
|1 0
|2 ddc
|4 0
|6 305_563000000000000_BOS
|7 0
|9 55245
|a BRACUL
|b BRACUL
|c GEN
|d 2015-08-16
|e Trim Education
|g 1240.00
|l 2
|o 305.563 BOS
|p 3010029684
|r 2026-05-18
|s 2024-11-07
|t 1
|w 2015-08-16
|y BK
|
| 952 |
|
|
|0 0
|1 0
|2 ddc
|4 0
|6 305_563000000000000_BOS
|7 0
|9 78851
|a SCL
|b SCL
|c GEN
|d 2026-03-05
|e Book Finder International
|g 4053.00
|l 0
|o 305.563 BOS
|p 3020045447
|r 2026-03-05
|t 2
|v 8106.00
|w 2026-03-05
|y BK
|x Requisitioned by Dr. Tahseen H. Ali, Assistant Dean of the School of General Education, for the course titled- 'Emergence of Bangladesh (EMB-101)'.
|
| 952 |
|
|
|0 0
|1 0
|2 ddc
|4 0
|6 305_563000000000000_BOS
|7 0
|9 78852
|a SCL
|b SCL
|c GEN
|d 2026-03-05
|e Book Finder International
|g 4053.00
|l 0
|o 305.563 BOS
|p 3020045450
|r 2026-03-05
|t 5
|v 8106.00
|w 2026-03-05
|y BK
|x Requisitioned by Dr. Tahseen H. Ali, Assistant Dean of the School of General Education, for the course titled- 'Emergence of Bangladesh (EMB-101)'.
|
| 952 |
|
|
|0 0
|1 0
|2 ddc
|4 0
|6 305_563000000000000_BOS
|7 0
|9 78853
|a SCL
|b SCL
|c GEN
|d 2026-03-05
|e Book Finder International
|g 4053.00
|l 0
|o 305.563 BOS
|p 3020045448
|r 2026-03-05
|t 3
|v 8106.00
|w 2026-03-05
|y BK
|x Requisitioned by Dr. Tahseen H. Ali, Assistant Dean of the School of General Education, for the course titled- 'Emergence of Bangladesh (EMB-101)'.
|
| 952 |
|
|
|0 0
|1 0
|2 ddc
|4 0
|6 305_563000000000000_BOS
|7 0
|9 78854
|a SCL
|b SCL
|c GEN
|d 2026-03-05
|e Book Finder International
|g 4053.00
|l 0
|o 305.563 BOS
|p 3020045449
|r 2026-03-05
|t 4
|v 8106.00
|w 2026-03-05
|y BK
|x Requisitioned by Dr. Tahseen H. Ali, Assistant Dean of the School of General Education, for the course titled- 'Emergence of Bangladesh (EMB-101)'.
|
| 952 |
|
|
|0 0
|1 0
|2 ddc
|4 0
|6 305_563000000000000_BOS
|7 0
|9 78855
|a SCL
|b SCL
|c GEN
|d 2026-03-05
|e Book Finder International
|g 4053.00
|l 0
|o 305.563 BOS
|p 3020045451
|r 2026-03-05
|t 6
|v 8106.00
|w 2026-03-05
|y BK
|x Requisitioned by Dr. Tahseen H. Ali, Assistant Dean of the School of General Education, for the course titled- 'Emergence of Bangladesh (EMB-101)'.
|